000
00339nam a2200133Ia 4500
008
231129s9999||||xx |||||||||||||| ||spa||
020
_a
84-8280-779-X
040
_b
spa
082
_a
U813 C776p
100
_a
Cooper Fenimore
245
0
_a
El pirata rojo
264
_a
Oveja Negra
942
_2
ddc
_c
BKS
999
_c
12079
_d
12079